La ventana (Record no. 171606)
[ view plain ]
| 000 -LEADER | |
|---|---|
| campo de control de longitud fija | 00504nam a22001575i 4500 |
| 001 - NÚMERO DE CONTROL | |
| campo de control | 171606 |
| 003 - IDENTIFICADOR DE NÚMERO DE CONTROL | |
| campo de control | ES-MaACL |
| 005 - FECHA Y HORA DE LA ÚLTIMA TRANSACCIÓN | |
| campo de control | 20230906214657.0 |
| 008 - DATOS DE LONGITUD FIJA--INFORMACIÓN GENERAL | |
| campo de control de longitud fija | 090522s1954 sp |||| | spa d |
| 100 1# - ENTRADA PRINCIPAL--NOMBRE DE PERSONA | |
| Nombre de persona | Soldati, Mario. |
| 9 (RLIN) | 140284 |
| 245 13 - MENCIÓN DEL TÍTULO | |
| Título | La ventana |
| Resto del título | : (a cena col commendatore) / |
| Mención de responsabilidad, etc. | Mario Soldati ; traducción de Ana-Maria de Foronda. |
| 260 ## - PUBLICACIÓN, DISTRIBUCIÓN, ETC. | |
| Lugar de publicación, distribución, etc. | [Madrid] : |
| Nombre del editor, distribuidor, etc. | Foronda, |
| Fecha de publicación, distribución, etc. | [1954] |
| 300 ## - DESCRIPCIÓN FÍSICA | |
| Extensión | 318 p. ; |
| Dimensiones | 19 cm. |
| 700 1# - ENTRADA AGREGADA--NOMBRE PERSONAL | |
| Nombre de persona | Foronda, Ana-María de. |
| 9 (RLIN) | 51800 |
| 852 ## - LOCALIZACIÓN | |
| Ubicación | ES-MaACL |
| Número de control de estantería | C-8828 |
| itemnumber | R.36029 |
| Estatus retirado | Estado de pérdida | Estado de daño | No para préstamo | Biblioteca de origen | Biblioteca actual | Ubicación en estantería | Fecha de adquisición | Fuente de adquisición | Total de préstamos | Signatura topográfica completa | Código de barras | Visto por última vez | Precio de reemplazo | Tipo de ítem Koha |
|---|---|---|---|---|---|---|---|---|---|---|---|---|---|---|
| Biblioteca del Ateneo de Madrid | Biblioteca del Ateneo de Madrid | Sala Palomar | 22/05/2009 | C-8828 | 1180091 | 23/02/2023 | 23/02/2023 | Libro impreso |
